000 00256nam a2200109Ia 4500
008 200302s9999 xx 000 0 und d
100 _aJohn Jackson
245 _aIntroduction to Drawing
260 _bEagle Editions Ltd.
260 _c2002
300 _a128 P.,
999 _c1642
_d1642